Statistics for The Presidents of Latvia

Click here to take the quiz!

General Stats

  • This quiz has been taken 32 times
  • The average score is 9 of 10

Answer Stats

HintAnswer% Correct
6.Vaira Vīķe-Freiberga
96%
4.Kārlis Ulmanis
91%
9.Raimonds Vējonis
91%
7.Valdis Zatlers
91%
10.Egils Levits
87%
5.Guntis Ulmanis
87%
1.Jānis Čakste
87%
8.Andris Bērziņš
83%
3.Alberts Kviesis
74%
2.Gustavs Zemgals
74%

Score Distribution

Percentile by Number Answered

Percent of People with Each Score

Your Score History

You have not taken this quiz